University Home | Library Home | Institutional Repository

Seven Japanese tales / (Record no. 71080)

MARC details
000 -LEADER
fixed length control field 00713cam4a220021700 4500
001 - CONTROL NUMBER
control field roe00107546
003 - CONTROL NUMBER IDENTIFIER
control field UPRA
005 - DATE AND TIME OF LATEST TRANSACTION
control field 20190815111822.0
008 - FIXED-LENGTH DATA ELEMENTS--GENERAL INFORMATION
fixed length control field 930121s1963 ja eng u
020 ## - INTERNATIONAL STANDARD BOOK NUMBER
Terms of availability
-- 5.00
035 ## - SYSTEM CONTROL NUMBER
System control number (Sirsi) r122391
035 ## - SYSTEM CONTROL NUMBER
System control number (UPRA)roe00107546
040 ## - CATALOGING SOURCE
Transcribing agency UPRA
041 1# - LANGUAGE CODE
Language code of text/sound track or separate title eng jpn
Language code of original eng jpn
100 1# - MAIN ENTRY--PERSONAL NAME
Personal name Tanizaki, Jun'ichiro, 1886-1965.
Dates associated with a name Tanizaki, Jun'ichiro, 1886-1965.
Linkage A90005.1
245 10 - TITLE STATEMENT
Title Seven Japanese tales /
Statement of responsibility, etc. by Junichiro Tanizaki ; translated from the Japanese by Howard Hibbett.
260 ## - PUBLICATION, DISTRIBUTION, ETC.
Place of publication, distribution, etc. Tokyo :
Name of publisher, distributor, etc. Charles E. Tuttle,
Date of publication, distribution, etc. [1963]
949 ## - LOCAL PROCESSING INFORMATION (OCLC)
a PL839.A7
w lcc
i 33729002075344
m MAIN
p 1500
t BOOK
l ON-SHELF
987 ## - LOCAL ROMANIZATION/CONVERSION HISTORY (OCLC)
Romanization/conversion identifier call number : unreadable?

No items available.

© 2026 - The University of Zambia Library - Koha v25.11